[Event "Icelandic Open 2019"]
[Site "Akureyri"]
[Date "2019.05.25"]
[Round "1.1"]
[White "Sokolov, Ivan"]
[Black "Ruelland, Geoffrey"]
[Result "1-0"]
[WhiteElo "2593"]
[BlackElo "1955"]
[Annotator "RC"]
[PlyCount "73"]
[EventDate "2019.05.25"]
[EventType "swiss"]
[EventCountry "ISL"]
[SourceTitle "playchess.com"]
[Source "ChessBase"]
[SourceQuality "1"]
[TimeControl "40/5400+30:1800+30"]

1. d4 {[%emt 0:00:00]} Nf6 {[%emt 0:00:00]} 2. Nf3 {[%emt 0:00:00]} g6 {[%emt 0:00:05]} 3. Bg5 {[%emt 0:00:05]} Ne4 {[%emt 0:00:38]} 4. Bh4 {[%emt 0:00:54]} Bg7 {[%emt 0:01:00]} 5. e3 {[%emt 0:02:43]} d5 {[%emt 0:02:00]} 6. Bd3 {[%emt 0:02:39]} c5 {[%emt 0:03:21]} 7. O-O {[%emt 0:00:38]} Nc6 {[%emt 0:00:41]} 8. c3 {[%emt 0:03:11]} O-O {[%emt 0:05:28]} 9. Na3 {[%emt 0:14:30]} Bg4 {[%emt 0:13:52]} 10. Be2 {[%emt 0:04:35]} Qb6 {[%emt 0:04:31]} 11. Rb1 {[%emt 0:00:03]} Rad8 {[%emt 0:03:45]} 12. Nc2 {[%emt 0:09:08]} Rd7 {[%emt 0:07:53]} 13. h3 {[%emt 0:04:19]} Bf5 {[%emt 0:04:00]} 14. dxc5 {[%emt 0:00:50]} Nxc5 {[%emt 0:00:47]} 15. Nfd4 {[%emt 0:00:56]} Be4 {[%emt 0:02:40]} 16. f3 {[%emt 0:07:39]} Bxc2 {[%emt 0:10:31]} 17. Nxc2 {[%emt 0:00:25]} e5 {[%emt 0:01:06]} 18. Na3 {[%emt 0:21:57]} Ne6 {[%emt 0:04:00]} 19. Bf2 {[%emt 0:00:59]} Rfd8 {[%emt 0:01:22]} 20. Qe1 {[%emt 0:07:43]} Bh6 {[%emt 0:04:13]} 21. Bd3 {[%emt 0:02:50]} e4 {[%emt 0:26:05]} 22. fxe4 {[%emt 0:00:31]} dxe4 {[%emt 0:00:06]} 23. Bxe4 {[%emt 0:00:23]} Ne5 {[%emt 0:00:12]} 24. Bc2 {[%emt 0:04:06]} Rd2 {[%emt 0:01:09]} 25. Kh1 {[%emt 0:00:33]} Qc6 {[%emt 0:01:40]} 26. Rd1 {[%emt 0:03:17]} Rxd1 {[%emt 0:00:11]} 27. Bxd1 {[%emt 0:00:05]} Ng5 {[%emt 0:00:36]} 28. Bh4 {[%emt 0:02:14]} Rd7 {[%emt 0:00:06]} 29. Qg3 {[%emt 0:01:00]} f6 {[%emt 0:00:33]} 30. Bb3+ {[%emt 0:02:03]} Kg7 {[%emt 0:00:09]} 31. Nc2 {[%emt 0:01:34]} Ne4 {[%emt 0:00:18]} 32. Qh2 {[%emt 0:00:29]} Rd2 {[%emt 0:00:52]} 33. Be1 {[%emt 0:02:33]} Rd6 {[%emt 0:01:22]} 34. Bg3 {[%emt 0:01:25]} Nxg3+ {[%emt 0:00:39]} 35. Qxg3 {[%emt 0:00:01]} Rd3 {[%emt 0:00:15]} 36. Nd4 {[%emt 0:00:16]} Qd6 {[%emt 0:00:35]} 37. Nf5+ {[%emt 0:00:02]} 1-0

[Event "Icelandic Open 2019"]
[Site "Akureyri"]
[Date "2019.05.25"]
[Round "1.2"]
[White "Olafsson, Smari"]
[Black "Hillarp Persson, Tiger"]
[Result "0-1"]
[WhiteElo "1939"]
[BlackElo "2563"]
[Annotator "TA"]
[PlyCount "74"]
[EventDate "2019.05.25"]
[EventType "swiss"]
[EventCountry "ISL"]
[SourceTitle "playchess.com"]
[Source "ChessBase"]
[SourceQuality "1"]

{[%evp 11,76,50,41,45,45,25,32,10,14,0,0,-5,0,10,31,22,46,40,49,-3,-6,-6,0,-28,-29,-22,-14,-19,19,3,13,15,9,0,11,0,12,-21,-20,-26,-10,-44,-25,-17,-27,-97,-93,-82,-60,-108,-105,-124,-75,-75,-69,-89,-77,-106,-97,-106,-88,-966,-948,-29990,-29991,-29995,-29996]} 1. e4 g6 2. d4 Bg7 3. Nc3 d6 4. Nf3 a6 5. a4 b6 6. Bc4 e6 7. Bg5 {B06: Modern Defence} (7. O-O Ne7 8. Bf4 Nd7 9. Qd2 h6 10. Rfe1 g5 11. Bg3 Ng6 12. h3 Nf6 13. e5 Nh5 14. Bh2 Nhf4 15. exd6 cxd6 {1-0 (36) Gustafsson,J (2630)-Fier,A (2636) Linares 2015}) 7... Ne7 8. O-O h6 9. Bd2 {White is slightly better.} Nd7 10. Qe2 $146 ({Predecessor:} 10. b4 Bb7 11. Re1 Nc6 12. d5 Nce5 13. Nxe5 Nxe5 14. Bb3 Qd7 {1-0 (38) Berking,B (1499)-Riedel,S (1565) Pinneberg 2012}) 10... O-O 11. Rad1 Bb7 12. Rfe1 Qb8 13. b4 Qa7 14. b5 axb5 15. Nxb5 ({White should try} 15. axb5 $14 g5 16. h3) 15... Qb8 $1 $11 16. Bb3 c6 17. Nc3 Ba6 18. Qe3 d5 19. Bc1 Re8 20. Ba3 Bf8 21. h4 Bb7 22. Qd2 Qd8 23. exd5 cxd5 24. Qf4 Nf5 25. Bxf8 Rxf8 26. g3 Kg7 27. Ne5 Ba6 28. Kg2 (28. Nxd7 $11 Qxd7 29. Qe5+ Kg8 30. Bxd5 exd5 31. Nxd5) 28... Rc8 $36 {[%cal Ba8c8,Bc8c7,Bc7c3][%mdl 2080] White is under strong pressure.} 29. Na2 Nxe5 30. Rxe5 Qf6 31. Nb4 Bb7 32. Ree1 Rfd8 33. Qd2 Rc7 34. Re5 Rdc8 35. Rde1 Rc3 {Strongly threatening ...Nxh4+!} 36. Na2 $2 {[%mdl 8192] [#]} (36. Qd1 $17) 36... Nxh4+ $1 $19 {[%mdl 512]} 37. gxh4 Qf3+ 0-1

[Event "Icelandic Open 2019"]
[Site "Akureyri"]
[Date "2019.05.25"]
[Round "1.3"]
[White "Stefansson, Hannes"]
[Black "Arnalds, Stefan"]
[Result "1-0"]
[WhiteElo "2561"]
[BlackElo "1936"]
[Annotator "RC"]
[PlyCount "60"]
[EventDate "2019.05.25"]
[EventType "swiss"]
[EventCountry "ISL"]
[SourceTitle "playchess.com"]
[Source "ChessBase"]
[SourceQuality "1"]
[TimeControl "40/5400+30:1800+30"]

1. e4 {[%emt 0:00:00]} c5 {[%emt 0:00:28]} 2. Nf3 {[%emt 0:00:00]} e6 {[%emt 0:00:14]} 3. d4 {[%emt 0:00:00]} cxd4 {[%emt 0:00:05]} 4. Nxd4 {[%emt 0:00:07]} Nf6 {[%emt 0:00:27]} 5. Nc3 {[%emt 0:00:18]} Nc6 {[%emt 0:00:50]} 6. Ndb5 {[%emt 0:00:38]} Bb4 {[%emt 0:01:42]} 7. a3 {[%emt 0:00:28]} Bxc3+ {[%emt 0:00:29]} 8. Nxc3 {[%emt 0:00:09]} d5 {[%emt 0:03:38]} 9. exd5 {[%emt 0:00:14]} exd5 {[%emt 0:04:37]} 10. Bd3 {[%emt 0:00:25]} d4 {[%emt 0:16:21]} 11. Qe2+ {[%emt 0:07:20]} Be6 {[%emt 0:10:00]} 12. Ne4 {[%emt 0:00:45]} Nxe4 {[%emt 0:00:40]} 13. Qxe4 {[%emt 0:01:42]} Qd5 {[%emt 0:01:54]} 14. O-O {[%emt 0:01:41]} Qxe4 {[%emt 0:12:25]} 15. Bxe4 {[%emt 0:00:06]} O-O {[%emt 0:04:13]} 16. Re1 {[%emt 0:03:42]} Rac8 {[%emt 0:24:51]} 17. Bg5 {[%emt 0:05:02]} f6 {[%emt 0:09:37]} 18. Bf4 {[%emt 0:02:12]} g5 {[%emt 0:02:35]} 19. Bg3 {[%emt 0:01:41]} Bf7 {[%emt 0:03:50]} 20. f4 {[%emt 0:02:31]} gxf4 {[%emt 0:00:31]} 21. Bxf4 {[%emt 0:00:08]} Bg6 {[%emt 0:00:32]} 22. Bd5+ {[%emt 0:01:55]} Kg7 {[%emt 0:00:22]} 23. Be6 {[%emt 0:05:45]} Bxc2 {[%emt 0:00:37]} 24. Bxc8 {[%emt 0:00:37]} Rxc8 {[%emt 0:00:11]} 25. Re6 {[%emt 0:01:01]} Bf5 {[%emt 0:00:44]} 26. Rd6 {[%emt 0:00:23]} Rd8 {[%emt 0:00:35]} 27. Rxd8 {[%emt 0:00:33]} Nxd8 {[%emt 0:00:01]} 28. Re1 {[%emt 0:00:57]} Nc6 {[%emt 0:00:49]} 29. Kf2 {[%emt 0:00:26]} d3 {[%emt 0:00:39]} 30. Ke3 {[%emt 0:00:42]} Kf7 {[%emt 0:01:03]} 1-0

[Event "Icelandic Open 2019"]
[Site "Akureyri"]
[Date "2019.05.25"]
[Round "1.4"]
[White "Johannsdottir, Johanna Bjorg"]
[Black "Steingrimsson, Hedinn"]
[Result "0-1"]
[WhiteElo "1908"]
[BlackElo "2549"]
[Annotator "TA"]
[PlyCount "96"]
[EventDate "2019.05.25"]
[EventType "swiss"]
[EventCountry "ISL"]
[SourceTitle "playchess.com"]
[Source "ChessBase"]
[SourceQuality "1"]

{[%evp 9,142,-2,9,18,1,-8,19,0,0,0,8,0,26,23,35,12,10,-13,-11,-4,21,-18,-11,-8,25,29,16,13,33,-68,-21,-125,-122,-122,-116,-126,-109,-105,-73,-76,-82,-75,-69,-245,-233,-224,-122,-121,-137,-117,-109,-91,-131,-133,-122,-114,-100,-454,-417,-426,-430,-405,-373,-370,-350,-341,-295,-246,0,-338,-345,-337,-339,-306,-224,-369,-258,-259,-258,-258,-228,-254,-255,-254,-262,-284,-261,-326,-262,-262,-172,-171,-171,-170,-163,-340,-347,-432,-432,-478,-430,-401,0,-416,-347,-347,-347,-388,-340,-327,-276,-271,-216,-208,-152,-142,-102,-102,-102,-111,-112,-584,-580,-580,-580,-580,-323,-310,0,-580,-580,-568,-568,-29992,-29993]} 1. e4 c5 2. Nf3 d6 3. Bc4 Nf6 4. d3 Nc6 5. Bb3 g6 6. c3 {B50: Sicilian: 2...d6, Miscellaneous} Bg7 7. Nbd2 e5 $146 ({Predecessor:} 7... O-O 8. O-O Bd7 9. Re1 Rc8 10. Nf1 Bg4 11. h3 Bxf3 12. Qxf3 Nd7 13. h4 b5 {1-0 (28) Bauer,C (2630)-Van Kampen,R (2631) Rabat 2014}) 8. Nf1 {The position is equal.} h6 9. Ne3 O-O 10. O-O Kh8 11. h3 Ng8 12. Nh2 f5 13. exf5 gxf5 14. f4 Nce7 15. Qf3 Rb8 16. Qg3 b5 17. Nf3 a5 18. Nh4 a4 19. Bd5 (19. Bc2 $14) 19... Qe8 20. Bd2 (20. Qf2 $1 $11 {remains equal.}) 20... Nf6 $36 {[%mdl 2048] Black is on the roll.} 21. fxe5 {[#]} Nh5 $1 {[%cal Rh5g3]} 22. Qf3 dxe5 23. Rae1 Nf4 24. d4 Nfxd5 25. Nxd5 Bb7 26. Nxe7 $2 (26. Nc7 $15 Bxf3 27. Nxe8 Rbxe8 28. Nxf3) 26... Bxf3 $19 27. Rxf3 Bf6 ({Don't take} 27... cxd4 28. Neg6+ Kh7 29. Nxf8+ Qxf8 30. Nxf5) (27... Qd7 $19 28. Nexf5 cxd4 29. cxd4 Kh7) 28. Neg6+ Kg7 29. Rg3 Bxh4 30. Nxh4+ Kh7 31. Rxe5 Qh5 32. Ng6 Rf7 33. Nf4 $2 {[%mdl 8192]} (33. Rg4 $17 {nothing else works.} Rg7 34. Nf4) 33... Qd1+ {[%mdl 64] Double Attack} 34. Be1 cxd4 35. Kh2 dxc3 36. Bxc3 b4 37. Rd5 Qc1 38. Be5 Re8 $2 ({Better is} 38... Rg8 $19 {Threatens to win with ...Rxg3.} 39. Rxg8 Kxg8 40. Rd8+ Rf8) 39. Nd3 $2 {[%mdl 8192]} (39. Nh5 $1 $11 Qc8 40. Nf6+ Rxf6 41. Bxf6) 39... Qc4 40. Rd4 Qxa2 {Hoping for ...Rxe5!} 41. Rxb4 Rg8 {aiming for ...Rxg3.} 42. Re3 (42. Rf3 {was the only defense.}) 42... a3 {White must now prevent ...Qd5.} 43. Nf4 axb2 44. Rxb2 Qa6 45. Bc3 {[#]} Qd6 $1 46. Be5 Qc5 47. Rbe2 Re8 48. Nh5 Qc6 {Played: Re8-e6} 0-1

[Event "Icelandic Open 2019"]
[Site "Akureyri"]
[Date "2019.05.25"]
[Round "1.5"]
[White "Kjartansson, Gudmundur"]
[Black "Valtysson, Thor"]
[Result "1-0"]
[WhiteElo "2454"]
[BlackElo "1896"]
[Annotator "ChessBase"]
[PlyCount "47"]
[EventDate "2019.05.25"]
[EventType "swiss"]
[EventCountry "ISL"]
[SourceTitle "playchess.com"]
[Source "ChessBase"]
[SourceQuality "1"]
[TimeControl "40/5400+30:1800+30"]

1. c4 {[%emt 0:00:00]} c6 {[%emt 0:00:00]} 2. d4 {[%emt 0:00:28]} d5 {[%emt 0:00:00]} 3. Nc3 {[%emt 0:00:39]} Nf6 {[%emt 0:00:07]} 4. e3 {[%emt 0:00:17]} g6 {[%emt 0:01:41]} 5. Nf3 {[%emt 0:00:55]} Bg7 {[%emt 0:00:10]} 6. Be2 {[%emt 0:02:56]} O-O {[%emt 0:00:47]} 7. O-O {[%emt 0:00:06]} Bg4 {[%emt 0:02:35]} 8. h3 {[%emt 0:05:34]} Bxf3 {[%emt 0:00:25]} 9. Bxf3 {[%emt 0:00:04]} dxc4 {[%emt 0:05:03]} 10. b3 {[%emt 0:09:16]} cxb3 {[%emt 0:01:51]} 11. Qxb3 {[%emt 0:00:22]} Qb6 {[%emt 0:04:43]} 12. Rb1 {[%emt 0:05:36]} Nbd7 {[%emt 0:07:02]} 13. Qa3 {[%emt 0:03:06]} Qc7 {[%emt 0:00:19]} 14. Qxe7 {[%emt 0:00:30]} Rfe8 {[%emt 0:00:36]} 15. Qa3 {[%emt 0:01:13]} Bf8 {[%emt 0:07:02]} 16. Qb3 {[%emt 0:00:59]} Rab8 {[%emt 0:02:50]} 17. e4 {[%emt 0:02:53]} c5 {[%emt 0:06:18]} 18. Nb5 {[%emt 0:16:10]} Qb6 {[%emt 0:03:05]} 19. Bf4 {[%emt 0:01:23]} Rbc8 {[%emt 0:02:28]} 20. Qa4 {[%emt 0:13:40]} Qa6 {[%emt 0:11:10]} 21. Qxa6 {[%emt 0:00:26]} bxa6 {[%emt 0:00:02]} 22. Nc7 {[%emt 0:04:52]} Red8 {[%emt 0:01:46]} 23. d5 {[%emt 0:01:20]} Nb6 {[%emt 0:02:21]} 24. Nxa6 {[%emt 0:03:17]} 1-0

[Event "Icelandic Open 2019"]
[Site "Akureyri"]
[Date "2019.05.25"]
[Round "1.6"]
[White "Finnbogadottir, Tinna Kristin"]
[Black "Gunnarsson, Jon Viktor"]
[Result "0-1"]
[WhiteElo "1855"]
[BlackElo "2452"]
[Annotator "TA"]
[PlyCount "106"]
[EventDate "2019.05.25"]
[EventType "swiss"]
[EventCountry "ISL"]
[SourceTitle "playchess.com"]
[Source "ChessBase"]
[SourceQuality "1"]

{[%evp 10,106,3,11,22,25,75,25,25,25,30,-9,-7,-8,0,-5,5,0,0,-47,-33,-36,-18,-24,-18,-86,-76,-81,-85,-89,-71,-112,-77,-197,-187,-195,-186,-187,-188,-174,-163,-250,-209,-218,-209,-207,-212,-312,-291,-348,-152,-162,-156,-187,-149,-187,-187,-187,-187,-261,-39,-76,-81,-243,-252,-197,-68,-68,-75,-80,-33,-185,-190,-172,-179,-199,-199,-199,-199,-199,-179,-246,-264,-658,-658,-5314,-5214,-29986,-29985,-29985,-29986,-29986,-29987,-29990,-29991,-29991,-29992,-29992,-29993]} 1. e4 c5 2. c3 Nf6 3. e5 Nd5 4. g3 Nc6 5. Bg2 e6 6. Nf3 b6 {B22: Sicilian: 2 c3} (6... b5 7. a4 b4 8. c4 Nde7 9. d4 cxd4 10. Nxd4 Bb7 11. O-O Qb8 12. Nf3 Ng6 13. Re1 Qc7 14. b3 {½-½ (30) Jakubiec,A (2503)-Markowski,T (2566) Czech Republic 2017}) 7. O-O Be7 8. d4 $146 {And now c4 would win.} ({Predecessor:} 8. Re1 Bb7 9. d3 g5 10. h3 h5 11. Nbd2 h4 12. Ne4 hxg3 13. fxg3 Rg8 14. c4 Ndb4 15. a3 Na6 16. Bxg5 Rxg5 17. Nfxg5 Nxe5 18. Qh5 Ng6 19. Nxf7 Nf8 20. Nfd6# {1-0 (20) Dittmar,P (2259)-Raddatz,M (2010) Bregenz 2016}) 8... Ba6 {White has an edge.} 9. Re1 O-O 10. Nbd2 cxd4 11. Nxd4 Nxd4 12. cxd4 Bb7 13. a3 Rc8 14. Qh5 f5 $36 {[%mdl 2048] Black is pushing.} 15. Nf3 Qe8 16. Qxe8 Rfxe8 17. Bg5 (17. Bd2 $11) 17... Bxg5 $17 18. Nxg5 Rc2 19. Rab1 Rec8 20. Bf1 Ne7 21. Red1 (21. Bb5 $17 R2c7 22. Nh3) 21... h6 $19 22. Nh3 Bf3 23. Rd3 Be4 24. Rdd1 g5 $1 25. Bg2 (25. Bb5 {might work better.} R8c7 26. Bd3) 25... Bxg2 26. Kxg2 Nd5 27. Kf1 f4 $1 28. Ke1 (28. g4 {is a better defense.}) 28... f3 29. g4 Rf8 (29... Re2+ $19 {is more deadly.} 30. Kf1 Rcc2) 30. Rd2 $17 Rc4 31. Rbd1 Kg7 32. Rd3 {[#]} h5 $1 {[%mdl 512]} 33. Nxg5 (33. gxh5 Kh6) 33... hxg4 34. Kd2 (34. Ne4 $142) 34... Nf4 $2 (34... Rfc8 $19 35. Rg1 Kg6 36. Rxg4 Rc2+ 37. Ke1 Kf5) 35. b3 Rc7 {Hoping for ...Rfc8.} 36. Rc3 $2 (36. Rg1 $17 {keeps fighting.} Rfc8 37. Rxg4 Rc2+ 38. Ke3 Nxd3 39. Ne4+ Kf8 40. Kxd3) 36... Rxc3 $19 37. Kxc3 {[%mdl 4096] Endgame [#] KRN-KRN} Rh8 ({Black should try} 37... Ne2+ $1 $19 38. Kd3 Rh8) 38. Rh1 $15 Rc8+ 39. Kd2 Ne2 40. h3 $2 ({White should play} 40. Ne4 $1 $15) 40... Kg6 $19 ({Don't take} 40... Nxd4 41. Ne4 $17) 41. Ne4 Rh8 ({Inferior is} 41... Nxd4 42. Rg1 $11) 42. Ke3 {intending h4.} gxh3 ({Don't play} 42... Rxh3 43. Ra1 $17) 43. Nd2 Kf5 44. Nxf3 Nf4 45. Nh2 (45. Nd2 {was necessary.}) 45... Rc8 {aiming for ...Rc3+.} 46. f3 $2 (46. Kd2) 46... Rc3+ 47. Kf2 Rc2+ 48. Kg1 Rg2+ {Black mates.} 49. Kf1 Ne2 50. Ke1 Ng3 51. Ng4 Nxh1 52. Ne3+ {[#]} Kf4 $1 {[%mdl 64] Double Attack} 53. Nxg2+ hxg2 {Accuracy: White = 24%, Black = 56%.} 0-1

[Event "Icelandic Open 2019"]
[Site "Akureyri"]
[Date "2019.05.25"]
[Round "1.7"]
[White "Thorfinnsson, Bragi"]
[Black "Hardarson, Petur Palmi"]
[Result "1-0"]
[WhiteElo "2451"]
[BlackElo "1847"]
[Annotator "TA"]
[PlyCount "58"]
[EventDate "2019.05.25"]
[EventType "swiss"]
[EventCountry "ISL"]
[SourceTitle "playchess.com"]
[Source "ChessBase"]
[SourceQuality "1"]

{[%evp 16,58,17,-24,12,12,38,28,30,21,51,10,29,12,10,-21,-20,-28,-25,-83,50,54,125,116,125,142,179,194,224,215,261,243,257,253,368,362,485,459,622,526,504,485,385,408,1720]} 1. e4 c5 2. Nc3 Nc6 3. f4 g6 4. Nf3 Bg7 5. Bb5 Nd4 6. O-O Nxb5 7. Nxb5 a6 8. Nc3 d6 9. d3 Nf6 {B23: Closed Sicilian: Lines without g3} (9... b5 10. Qe1 Bb7 11. a3 Nf6 12. Qh4 Nd7 13. f5 gxf5 14. Qh5 Nf6 15. Qxf5 Rg8 16. Qf4 Qd7 17. h3 {½-½ (47) Pirs,M (2534)-Magalhaes,L (2537) ICCF email 2014}) 10. Qe1 Nd7 11. a4 $146 ({Predecessor:} 11. e5 dxe5 12. fxe5 Nxe5 13. Nxe5 Qd4+ 14. Kh1 Qxe5 15. Qh4 Be6 16. Ne4 h6 17. Be3 f5 18. Bf4 Qd4 19. c3 Qd5 20. c4 Qc6 21. Nc3 g5 22. Qg3 gxf4 {0-1 (22) Hisler,T (2210)-Eriksson,M (2338) Saint Vincent 2005}) 11... b6 {White has an edge.} 12. Bd2 Bb7 13. Nd1 e5 14. f5 gxf5 15. Nh4 f4 $1 16. Nf5 Bf8 17. b4 (17. c4 $11 {remains equal.}) 17... Nb8 (17... Qg5 $17 {Threatens to win with ...d5.} 18. c4 Rg8) 18. bxc5 $14 dxc5 {[#]} (18... Nc6 $14) 19. Bc3 $1 $36 {[%cal Rc3e5][%mdl 2048] Keeping Black busy.} Nc6 {[#]} 20. Rxf4 $1 {[%mdl 576] Pin} Nd4 (20... exf4 21. Bxh8) 21. Rf2 Rg8 22. Nde3 Qc7 23. Nc4 Rg6 24. Rb1 Bc8 (24... Rb8 {might work better.} 25. Qd1 Bc6) 25. Nfe3 $18 Bb7 {[#]} 26. Rxb6 $1 {[%mdl 512]} Bh6 (26... Rxb6 27. Ba5) 27. Rxg6 hxg6 28. Nd5 Bxd5 29. exd5 {Strongly threatening d6.} Qd8 {Accuracy: White = 54%, Black = 25%.} (29... Qe7 $142 30. d6 Qe6 31. d7+ {[%mdl 64] Decoy} Kxd7 32. Rxf7+ Ke8) 1-0

[Event "Icelandic Open 2019"]
[Site "Akureyri"]
[Date "2019.05.25"]
[Round "1.8"]
[White "Briem, Benedikt"]
[Black "Thorhallsson, Throstur"]
[Result "0-1"]
[WhiteElo "1811"]
[BlackElo "2435"]
[Annotator "ChessBase"]
[PlyCount "58"]
[EventDate "2019.05.25"]
[EventType "swiss"]
[EventCountry "ISL"]
[SourceTitle "playchess.com"]
[Source "ChessBase"]
[SourceQuality "1"]
[TimeControl "40/5400+30:1800+30"]

1. d4 {[%emt 0:00:00]} d5 {[%emt 0:00:00]} 2. Bf4 {[%emt 0:00:00]} Nf6 {[%emt 0:00:01]} 3. e3 {[%emt 0:00:00]} g6 {[%emt 0:01:14]} 4. c4 {[%emt 0:00:49]} Bg7 {[%emt 0:01:23]} 5. Nc3 {[%emt 0:00:25]} c6 {[%emt 0:03:24]} 6. Be2 {[%emt 0:00:55]} O-O {[%emt 0:03:25]} 7. Nf3 {[%emt 0:00:42]} dxc4 {[%emt 0:08:43]} 8. Bxc4 {[%emt 0:01:52]} Nbd7 {[%emt 0:01:28]} 9. O-O {[%emt 0:00:40]} b5 {[%emt 0:05:23]} 10. Bd3 {[%emt 0:02:26]} Bb7 {[%emt 0:03:36]} 11. Rc1 {[%emt 0:06:23]} a6 {[%emt 0:04:37]} 12. Ne4 {[%emt 0:08:34]} Rc8 {[%emt 0:01:21]} 13. b4 {[%emt 0:06:52]} Nd5 {[%emt 0:05:51]} 14. Qd2 {[%emt 0:04:41]} a5 {[%emt 0:07:41]} 15. bxa5 {[%emt 0:02:03]} Ra8 {[%emt 0:01:30]} 16. Bg5 {[%emt 0:02:23]} h6 {[%emt 0:02:54]} 17. Bh4 {[%emt 0:01:08]} Qxa5 {[%emt 0:02:31]} 18. Qxa5 {[%emt 0:01:15]} Rxa5 {[%emt 0:00:02]} 19. Bb1 {[%emt 0:00:37]} b4 {[%emt 0:15:13]} 20. Nfd2 {[%emt 0:10:24]} Ra7 {[%emt 0:00:00]} 21. Nc4 {[%emt 0:05:11]} Ba6 {[%emt 0:00:47]} 22. Rfd1 {[%emt 0:04:18]} f5 {[%emt 0:02:14]} 23. Ned2 {[%emt 0:00:52]} g5 {[%emt 0:02:11]} 24. Bg3 {[%emt 0:01:48]} Bb5 {[%emt 0:00:59]} 25. Be5 {[%emt 0:01:39]} Bxe5 {[%emt 0:01:43]} 26. dxe5 {[%emt 0:02:07]} Nc3 {[%emt 0:00:38]} 27. Re1 {[%emt 0:00:38]} Nxa2 {[%emt 0:02:33]} 28. Bxa2 {[%emt 0:00:56]} Rxa2 {[%emt 0:00:02]} 29. Nb3 {[%emt 0:00:57]} Bxc4 {[%emt 0:00:45]} 0-1

[Event "Icelandic Open 2019"]
[Site "Akureyri"]
[Date "2019.05.25"]
[Round "1.9"]
[White "Gretarsson, Helgi Ass"]
[Black "Eiriksson, Sigurdur"]
[Result "1-0"]
[WhiteElo "2433"]
[BlackElo "1811"]
[Annotator "RC"]
[PlyCount "71"]
[EventDate "2019.05.25"]
[EventType "swiss"]
[EventCountry "ISL"]
[SourceTitle "playchess.com"]
[Source "ChessBase"]
[SourceQuality "1"]
[TimeControl "40/5400+30:1800+30"]

1. d4 {[%emt 0:00:00]} Nf6 {[%emt 0:00:00]} 2. c4 {[%emt 0:00:00]} g6 {[%emt 0:00:16]} 3. Nc3 {[%emt 0:00:00]} Bg7 {[%emt 0:00:14]} 4. e4 {[%emt 0:01:05]} d6 {[%emt 0:00:21]} 5. f4 {[%emt 0:00:10]} O-O {[%emt 0:00:29]} 6. Nf3 {[%emt 0:00:04]} a6 {[%emt 0:03:09]} 7. Bd3 {[%emt 0:02:05]} c6 {[%emt 0:00:36]} 8. e5 {[%emt 0:21:53]} Nfd7 {[%emt 0:05:48]} 9. Qe2 {[%emt 0:27:39]} b5 {[%emt 0:07:00]} 10. e6 {[%emt 0:20:12]} fxe6 {[%emt 0:05:22]} 11. h4 {[%emt 0:00:17]} Nf6 {[%emt 0:01:05]} 12. h5 {[%emt 0:06:37]} e5 {[%emt 0:10:10]} 13. hxg6 {[%emt 0:01:06]} exd4 {[%emt 0:01:26]} 14. gxh7+ {[%emt 0:01:46]} Kf7 {[%emt 0:02:05]} 15. Ng5+ {[%emt 0:01:45]} Ke8 {[%emt 0:00:10]} 16. Bg6+ {[%emt 0:00:13]} Kd7 {[%emt 0:00:12]} 17. Ne6 {[%emt 0:00:11]} dxc3 {[%emt 0:01:56]} 18. Nxd8 {[%emt 0:00:31]} Kxd8 {[%emt 0:00:10]} 19. Be3 {[%emt 0:01:51]} Bg4 {[%emt 0:00:52]} 20. Qc2 {[%emt 0:04:56]} cxb2 {[%emt 0:00:50]} 21. Rb1 {[%emt 0:01:27]} Nbd7 {[%emt 0:01:06]} 22. Rxb2 {[%emt 0:00:17]} Rc8 {[%emt 0:01:39]} 23. Qd2 {[%emt 0:01:03]} Be6 {[%emt 0:01:18]} 24. cxb5 {[%emt 0:03:06]} axb5 {[%emt 0:00:58]} 25. a4 {[%emt 0:00:10]} Nd5 {[%emt 0:00:30]} 26. Bd4 {[%emt 0:00:14]} N7f6 {[%emt 0:01:05]} 27. axb5 {[%emt 0:03:32]} c5 {[%emt 0:01:54]} 28. f5 {[%emt 0:00:17]} Bd7 {[%emt 0:00:38]} 29. Qa5+ {[%emt 0:00:25]} Rc7 {[%emt 0:00:39]} 30. b6 {[%emt 0:01:31]} Rb7 {[%emt 0:01:02]} 31. Qa6 {[%emt 0:00:17]} Bc8 {[%emt 0:00:24]} 32. Bf2 {[%emt 0:00:29]} Ne4 {[%emt 0:01:09]} 33. Qd3 {[%emt 0:00:35]} Nxf2 {[%emt 0:07:10]} 34. Qxd5 {[%emt 0:00:35]} Nxh1 {[%emt 0:00:45]} 35. Qg8 {[%emt 0:00:10]} Bc3+ {[%emt 0:01:34]} 36. Kd1 {[%emt 0:00:15]} 1-0

[Event "Icelandic Open 2019"]
[Site "Akureyri"]
[Date "2019.05.25"]
[Round "1.10"]
[White "Stefansson, Vignir Vatnar"]
[Black "Leosson, Atli Johann"]
[Result "1-0"]
[WhiteElo "2291"]
[BlackElo "1790"]
[Annotator "ChessBase"]
[PlyCount "25"]
[EventDate "2019.05.25"]
[EventType "swiss"]
[EventCountry "ISL"]
[SourceTitle "playchess.com"]
[Source "ChessBase"]
[SourceQuality "1"]
[TimeControl "40/5400+30:1800+30"]

1. d4 {[%emt 0:00:00]} d5 {[%emt 0:00:00]} 2. c4 {[%emt 0:00:00]} c6 {[%emt 0:00:06]} 3. Nc3 {[%emt 0:00:00]} Nf6 {[%emt 0:00:14]} 4. cxd5 {[%emt 0:00:00]} Nxd5 {[%emt 0:00:36]} 5. e4 {[%emt 0:00:45]} Nxc3 {[%emt 0:03:38]} 6. bxc3 {[%emt 0:00:06]} e6 {[%emt 0:01:14]} 7. Nf3 {[%emt 0:00:27]} Nd7 {[%emt 0:01:02]} 8. Bd3 {[%emt 0:00:51]} Be7 {[%emt 0:07:16]} 9. O-O {[%emt 0:00:14]} c5 {[%emt 0:03:20]} 10. Bf4 {[%emt 0:01:52]} O-O {[%emt 0:09:34]} 11. d5 {[%emt 0:00:18]} exd5 {[%emt 0:02:00]} 12. exd5 {[%emt 0:00:05]} Nf6 {[%emt 0:01:15]} 13. d6 {[%emt 0:02:00]} 1-0

[Event "Icelandic Open 2019"]
[Site "Akureyri"]
[Date "2019.05.25"]
[Round "1.11"]
[White "Stefansson, Vignir Vatnar"]
[Black "Leosson, Atli Johann"]
[Result "*"]
[WhiteElo "2291"]
[BlackElo "1790"]
[Annotator "NA"]
[PlyCount "21"]
[EventDate "2019.05.25"]
[EventType "swiss"]
[EventCountry "ISL"]
[SourceTitle "playchess.com"]
[Source "ChessBase"]
[SourceQuality "1"]
[TimeControl "40/5400+30:1800+30"]

1. d4 {[%emt 0:00:00]} Nf6 {[%emt 0:00:00]} 2. Bg5 {[%emt 0:00:00]} e6 {[%emt 0:00:29]} 3. e4 {[%emt 0:00:15]} h6 {[%emt 0:00:08]} 4. Bxf6 {[%emt 0:00:15]} Qxf6 {[%emt 0:00:09]} 5. Nc3 {[%emt 0:00:35]} Bb4 {[%emt 0:00:22]} 6. Qd2 {[%emt 0:00:33]} b6 {[%emt 0:03:23]} 7. a3 {[%emt 0:09:44]} Bxc3 {[%emt 0:03:08]} 8. Qxc3 {[%emt 0:00:35]} Nc6 {[%emt 0:00:20]} 9. O-O-O {[%emt 0:08:41]} Bb7 {[%emt 0:02:59]} 10. Nf3 {[%emt 0:10:54]} O-O-O {[%emt 0:01:43]} 11. Qe3 {[%emt 0:08:38]} *